Every 2nd Round Pick in the 2022 NHL Draft - Statistics

General Stats
  • This quiz has been taken 2 times
  • The average score is 3 of 33
Answer Stats
# NHL Team Prev. Team Player % Correct
62 Montreal Canadiens U.S. National Development Team (USHL) Lane Hutson
100%
51 Los Angeles Kings Northeastern University (Hockey East) Jack Hughes
50%
35 Seattle Kraken Moose Jaw Warriors (WHL) Jagger Firkus
50%
33 Montreal Canadiens Mississauga Steelheads (OHL) Owen Beck
50%
63 New York Rangers Nitra MHC (Slovakia) Adam Sykora
0%
36 Arizona Coyotes CSKA Red Army Jr. (Russia-MHL) Artyom Duda
0%
65 New York Islanders Djurgardens Jr. (Swe-JR) Calle Odelius
0%
34 San Jose Sharks Green Bay Gamblers (USHL) Cam Lund
0%
50 Dallas Stars Erie Otters (OHL) Christian Kyrou
0%
61 Seattle Kraken Sudbury Wolves (OHL) David Goyette
0%
52 Detroit Red Wings SKA St. Petersburg (Russia-MHL) Dmitri Buchelnikov
0%
40 Detroit Red Wings Sioux City Musketeers (USHL) Dylan James
0%
55 Winnipeg Jets Skelleftea AIK Jr. (Swe-JR) Elias Salomonsson
0%
64 Ottawa Senators Sodertalje SK Jr. (Swe-JR) Filip Nordberg
0%
38 Toronto Maple Leafs Kamloops Blazers (WHL) Fraser Minten
0%
60 Carolina Hurricanes Omskie Yastreby (Russia-MHL) Gleb Trikozov
0%
47 Minnesota Wild Barrie Colts (OHL) Hunter Haight
0%
49 Seattle Kraken Ilves Tampere (SM-Liiga) Jani Nyman
0%
43 Arizona Coyotes Munich EHC (DEL) Julian Lutz
0%
44 Columbus Blue Jackets Mississauga Steelheads (OHL) Luca Del Bel Belluz
0%
54 Boston Bruins Guelph Storm (USHL) Matthew Poitras
0%
45 San Jose Sharks Linkoping HC Jr. (Swe-JR) Mattias Havelid
0%
48 Vegas Golden Knights Saginaw Spirit (OHL) Matyas Sapovaliv
0%
58 Seattle Kraken Karpat (Finland-JR) Niklas Kokko
0%
42 Anaheim Ducks Gatineau Olympiques (QMJHL) Noah Warren
0%
39 Chicago Blackhawks Kingston Frontenacs (OHL) Paul Ludwinski
0%
56 Minnesota Wild Okotoks Oilers (AJHL) Rieger Lorenz
0%
37 Washington Capitals U.S. National Development Team (USHL) Ryan Chesley
0%
57 Chicago Blackhawks Green Bay Gamblers (USHL) Ryan Greene
0%
46 New Jersey Devils U.S. National Development Team (USHL) Seamus Casey
0%
41 Buffalo Sabres Jyp (Finland-JR) Topias Leinonen
0%
59 Calgary Flames Tappara (Finland-JR) Topi Ronni
0%
53 Anaheim Ducks Gatineau Olympiques (QMJHL) Tristan Luneau
0%
No matching quizzes found
Score Distribution
Percent of People with Each Score
Percentile by Number Answered
Your Score History
You have not taken this quiz